00785nam a2200217 i 4500003000900000005001700009007000300026008004100029020001500070040003000085041001300115082001300128100003600141245017000177264004600347300002800393336002700421337003400448338002800482700005700510DO-SdBNP20240304131447.0ta240304s2000 dr 000 j spa d a1884912176 aDO-SdBNPbspacBNPHUerda aspadeng bN124222 aNacidit-Perdomo, Ylonka,d1965-13aLA circularidad enigmática de la mirada : bThe enigmatic circularity of the glance /cYlonka Nacidit Perdomo ; traducción Linda María Rodríguez Guglielmoni 1aSanto Domingo :bThe latino press,c2000. a64 páginas, c21 cm. 2rdacontentatextobtxt 2rdamediaasin mediación bn 2rdacarrieravolumenbnc1 aRodríguez Guglielmoni, Linda Maríaetraducción